Quizzes
Events
Quiz Creation
Community
Videos
Private Events
Remove Ads
Sign In
Join for FREE
Feedback
Dark Mode
Quiz Categories
Sports
Geography
Music
Movies
Television
Just For Fun
Miscellaneous
History
Literature
Language
Science
Gaming
Entertainment
Religion
Holiday
For Kids
Quiz Lab
Recent
Popular Today
Quiz Kudos Today
Editor Picks
Curator Picks
Quizzes by...
Day
Popularity
Type
Ratings
Length
Year
Community
Subscriptions
Recent Discussions
Orange Saloon
Badges
Playlists
Quests
Create
Leaderboards
Showdown
Live 5
Trivia Bingo
Activity
Puzzle Library
Sporcle Events
Private Events
Virtual Trivia
Globe League
Become a Host
Pub Owners
SporcleCon
Opinionation
Our Games
Videos
Blog
Mobile Apps
Partnerships
Remove Ads and Go Orange
Feedback
Geography
Country
Landmarks
City
State
Population
World
Capital
Continent
Flags
Europe
Africa
Asia
South America
North America
Oceania
Border
Canada
United Kingdom
Topography
United States
Geography
Country
Landmarks
City
State
Population
World
Capital
Continent
Flags
Europe
Africa
Asia
South America
North America
Oceania
Border
Canada
United Kingdom
Topography
United States
Random Quiz
Search Sporcle
×
Quiz Lab
Quiz Lab
Geography
Country
Type in answers that appear in a list
Type in answers that appear in a list
Classic
Best Score? Go Orange.
Fully Democratic Countries Stats
Can you name the Fully Democratic Countries based on the Democracy Index?
By
1a2b3c
5m
28 Questions
3,301 Plays
3,301 Plays
3,301 Plays
Comments
Comments
Give Quiz Kudos
Give Quiz Kudos
-
- Ratings
hide this ad
Replay
Link that replays current quiz
Next Quiz
Link to next quiz in quiz playlist
You Got
0%
They Got
Avg Score
83%
Avg Friend Score
Upgrade to see
Score Distribution
Jump to the score distribution portion of the page
Score
0/28
Timer
05:00
0
Plays Today
Continent
Country
% Correct
North America
Canada
97.1%
North America
United States
96.7%
Europe
United Kingdom
96.5%
Europe
Sweden
95.9%
Europe
Norway
95.1%
Europe
Germany
94.9%
Europe
Spain
94.6%
Europe
France
94.4%
Oceania
Australia
94.1%
Europe
Finland
93.3%
Europe
Denmark
92.1%
Oceania
New Zealand
90.5%
Europe
Portugal
90.3%
Europe
Switzerland
89.4%
Continent
Country
% Correct
Europe
Netherlands
89%
Asia
Japan
87.5%
Europe
Belgium
86.9%
Europe
Austria
86.7%
Europe
Ireland
84.6%
Europe
Iceland
84.3%
Europe
Greece
83.5%
Europe
Luxembourg
81.5%
Asia
South Korea
73.9%
South America
Uruguay
69%
Europe
Czech Republic
68.9%
Europe
Malta
58.2%
North America
Costa Rica
52.6%
Africa
Mauritius
25.4%
Quiz Playlist
Details
Report
Send in Message
Add To Playlist
Classic:
Type in answers that appear in a list
Quiz Source
Last Updated: Mar 20, 2018
Quiz Scoreboard
CHALLENGE
Sign Up to Join the Scoreboard
Show All
Scores
Hide
Comments
May contain spoilers
Recently Published
Popular People in 1961
by mucciniale
History
6m
1-10 Letter E Words III
by El_Dandy
Language
2m
One Thing in Common: World Cities II
by knightlancer
Geography
7m
More to Explore
Quiz From the Vault
Featured Blog Post
Where Did the Easter Bunny Come From?
hide this ad
You Might Also Like...
Tags
Country Quiz
Democracy
Index
Today's Top Quizzes in Geography
Browse Geography
hide this ad
Today's Top Quizzes in Country
Browse Country
Top Contributed Quizzes in Geography
1
Countries of the World - No Outlines Minefield
2
Top 25 Cities of France on a map
3
Closest Countries to UK A-Z
4
African Flag Reveal XLV
5
Blind Ultimate Minefield: USA
6
One Thing in Common: United Kingdom
7
Blind Secret Country CLXXXVIII
8
One Thing in Common: Asia
9
Find the US States - No Outlines
10
One Thing in Common: Geography
Explore More
Trending Topics
Crossword
Harry Potter
Disney
Anime
Kpop
NBA
Marvel
The Office
NFL
Country
WWE
Pokémon
Soccer
Song
Puzzle
hide this ad
More By:
1a2b3c
Quiz
Plays
Rating
Category
Featured
Created
Most Recognized Flags of the World
15,991
3.60
Geography
Oct 14, 2010
Mamma Mia Songs By Opening Lyric
6,798
4.44
Music
Aug 8, 2010
Taylor Swift: Speak Now By Opening Lyric
5,123
4.75
Music
Nov 18, 2010
Fully Democratic Countries
3,301
4.55
Geography
Oct 9, 2010
Most Sexually Active Countries
2,215
2.89
Geography
Oct 17, 2010
Go to Creator's Profile
Score Distribution
Quiz Creator Spotlight
1a2b3c
Follow
Send a Message
Quizzes Created
-
Created Quiz Play Count
-
More By This Creator
Popular Quizzes Today
1
Find the US States - No Outlines Minefield
2
Find the Countries of Europe - No Outlines Minefield
3
The Countries of the World
4
Popular People in 1961
5
1-10 Letter E Words III
6
Find the US States
7
US States
8
One Thing in Common: World Cities II
More Geography Quizzes
Upside Down Countries
Published
Trending Quizzes
Risky Map Clicking: Least Populous States A-Z
1-10 Letter F Words
1-10 Letter G Words
One Thing in Common: United Kingdom
Risky Map Clicking: Next State Alphabetically
Recently Updated
Leaping Animals
pecheneg
Reality TV Shows (A-Z)
bhenderson79
Rickey Henderson's Hall of Fame Teammates
pecheneg
Champions League XIs: Arsenal
pecheneg
Quick Pick: Celebrities in WWE's Hall of Fame
aduchscher
A-Z Keypad Blitz II
pecheneg
Multiple Oscar Actors
pecheneg
Mystery Phrase Blitz: Oscar 'Best Actors'
pecheneg
F. Scott Fitzgerald Novels
LTH
Pick 3 Villains
ddd62291
Trending Topics
NBA
Anime
Harry Potter
Crossword
Kpop
Disney
Marvel
WWE
NFL
Country
Song
Puzzle
Pokémon
The Office
Soccer
Your Account Isn't Verified!
In order to create a playlist on Sporcle, you need to verify the email address you used during registration. Go to your
Sporcle Settings
to finish the process.
Report this User
Report this user for behavior that violates our
Community Guidelines
.
Details:
Send Report
Go to the Sporcle.com Mobile Site →
Comments